000
00255nam a2200109Ia 4500
008
190216s9999||||xx |||||||||||||| ||und||
100
_a
Lee Sj
245
0
_a
Aspects Of Europian History 1789-1980
260
_b
Metheen&Co
650
_a
History
942
_c
BK
999
_c
19812
_d
19812